Enforceability of landlord and tenant covenants (Record no. 106275)

MARC details
000 -LEADER
fixed length control field 02184cam a2200301 4500
001 - CONTROL NUMBER
control field L135994
008 - FIXED-LENGTH DATA ELEMENTS--GENERAL INFORMATION
fixed length control field 061221n2006 000 0 eng u
020 ## - INTERNATIONAL STANDARD BOOK NUMBER
International Standard Book Number 0421952903
035 ## - SYSTEM CONTROL NUMBER
System control number (Sirsi) u135994
041 0# - LANGUAGE CODE
Language code of text/sound track or separate title eng
050 04 - LIBRARY OF CONGRESS CALL NUMBER
Classification number 347.41067 $2 18
100 1# - MAIN ENTRY--PERSONAL NAME
Personal name Fancourt, T.M.
245 00 - TITLE STATEMENT
Title Enforceability of landlord and tenant covenants
260 ## - PUBLICATION, DISTRIBUTION, ETC.
Place of publication, distribution, etc. London
Name of publisher, distributor, etc. Sweet & Maxwell
Date of publication, distribution, etc. 2006
300 ## - PHYSICAL DESCRIPTION
Extent xlv, 474p.
Dimensions 24cm.
350 ## - PRICE (NR) (BK AM CF MU VM SE) [OBSOLETE]
Price 145
505 1# - FORMATTED CONTENTS NOTE
Formatted contents note Introduction to leasehold covenants -- Old and new tenancies -- Privy of contract -- Liability as between original lessee and assignee of the lessor's reversion -- Liability as between assignees of term and reversion --Rights of original lesses and their assignees -- Rights of the original lessor and assignees of the reversion against sub-tenants and mortgagees of the term -- Insolvency and disclaimer -- Third party covenants -- Landlord covenants and tenant covenants -- Transmission of benefits and burden of landlord covenants and tenant covenants -- Transmission of rights of re-entry -- Release of covenants on assignment -- Apportionment -- Excluded assignments -- Third party and non-party covenants, rights and obligations -- Authorised guarantee agreements -- Forfeiture and disclaimer -- Fixed charges -- Variation in tenant covenants after assignment -- Overriding leases -- Anti-avoidance -- Landlord's consent to assignment, etc. of tenancy -- Repeals and amendments -- Enforcement of landlord and tenant covenants
520 ## - SUMMARY, ETC.
Summary, etc. Discusses the old and new regimes for enforceability of covenants in leases as between the original parties, their successors in title and third parties. Explains the provisions and effect of the Landlord and Tenant (Covenants) Act 1995 relating to old and new tenancies in both commercial and residential sectors.
590 ## - LOCAL NOTE (RLIN)
Local note KA
650 24 - SUBJECT ADDED ENTRY--TOPICAL TERM
Topical term or geographic name entry element LANDLORD AND TENANT (COVENANTS) ACT 1995
650 24 - SUBJECT ADDED ENTRY--TOPICAL TERM
Topical term or geographic name entry element CONTRACTS (RIGHTS OF THIRD PARTIES) ACT 1999
650 24 - SUBJECT ADDED ENTRY--TOPICAL TERM
Topical term or geographic name entry element LAND REGISTRATION ACT 1925
650 24 - SUBJECT ADDED ENTRY--TOPICAL TERM
Topical term or geographic name entry element LAND CHARGES ACT 1972
650 24 - SUBJECT ADDED ENTRY--TOPICAL TERM
Topical term or geographic name entry element LANDLORD AND TENANTS ACT 1927 S19
651 #4 - SUBJECT ADDED ENTRY--GEOGRAPHIC NAME
Geographic name England and Wales
Chronological subdivision 1543-
690 ## - LOCAL SUBJECT ADDED ENTRY--TOPICAL TERM (OCLC, RLIN)
Topical term or geographic name as entry element Landlord and tenant
9 (RLIN) 6252
942 ## - ADDED ENTRY ELEMENTS (KOHA)
Suppress in OPAC 0
Holdings
Withdrawn status Lost status Source of classification or shelving scheme Damaged status Not for loan Home library Current library Shelving location Date acquired Cost, normal purchase price Total Checkouts Full call number Barcode Date last seen Date last checked out Copy number Cost, replacement price Price effective from Koha item type
    Dewey Decimal Classification     London London Books 23/01/2007 145.00 6 347.41067 FAN 30073545 06/08/2019 02/05/2008 1 145.00 06/08/2019 Book